000 00990nam0a2200313 4500
001 RU\NLR\BIBL_A\011451937
005 20260406074213.0
010 _a9785171007188
_92000
021 _aRU
_b2017-52491
_93753
035 _a(RuMoRGB)008940006
035 _a(NLR Aleph) 011451937
090 _a11757279
_c11757279
100 _a20170809d2017 u y0rusy50 ca
101 1 _arus
_ceng
102 _aRU
105 _ay z 0 ay
200 1 _aНе оглядывайся
_fДженнифер Арментроут
_g[пер. с англ. Ю. Вейсберга]
210 _aМосква
_cАСТ
_d2017
215 _a414, [1] с.
_d21
225 1 _a#Jennifer
333 _a16+
686 _aШ5(7США)64-644.5
_2rubbk
686 1 _aШ6(7США)67-440.4{Лх1979-50}
700 1 _aАрментроут
_bД.
_f1980-
_gДженнифер
_9145323
_3RU\NLR\AUTH\770145359
942 _cBOOK
980 _aNBR